<?xml version="1.0" encoding="UTF-8"?>
<record
    xmlns:xsi="http://www.w3.org/2001/XMLSchema-instance"
    xsi:schemaLocation="http://www.loc.gov/MARC21/slim http://www.loc.gov/standards/marcxml/schema/MARC21slim.xsd"
    xmlns="http://www.loc.gov/MARC21/slim">

  <leader>01269    a2200229   4500</leader>
  <controlfield tag="005">20080911101442.0</controlfield>
  <controlfield tag="008">080911t        xxu||||| |||| 00| 0 hin d</controlfield>
  <datafield tag="010" ind1=" " ind2=" ">
    <subfield code="a">HIN-80526</subfield>
  </datafield>
  <datafield tag="020" ind1=" " ind2=" ">
    <subfield code="c">50.00</subfield>
  </datafield>
  <datafield tag="035" ind1=" " ind2=" ">
    <subfield code="a">HN-52872</subfield>
  </datafield>
  <datafield tag="037" ind1=" " ind2=" ">
    <subfield code="b">D.B.Act / pub</subfield>
  </datafield>
  <datafield tag="082" ind1=" " ind2=" ">
    <subfield code="a">821.092</subfield>
  </datafield>
  <datafield tag="100" ind1=" " ind2=" ">
    <subfield code="a">&#x930;&#x947;&#x936;&#x92E;&#x93E; &#x92D;&#x93E;&#x930;&#x924;&#x940;</subfield>
  </datafield>
  <datafield tag="245" ind1=" " ind2=" ">
    <subfield code="a">&#x938;&#x941;&#x92D;&#x926;&#x94D;&#x930;&#x93E; &#x915;&#x941;&#x92E;&#x93E;&#x930;&#x940; &#x91A;&#x94C;&#x939;&#x93E;&#x928;&#x903;&#x938;&#x93E;&#x939;&#x938;,&#x938;&#x94D;&#x928;&#x947;&#x939; &#x914;&#x930; &#x938;&#x902;&#x935;&#x947;&#x926;&#x928;&#x93E; &#x915;&#x940; &#x905;&#x92E;&#x93F;&#x91F; &#x928;&#x93F;&#x936;&#x93E;&#x928;&#x940;</subfield>
    <subfield code="c">&#x930;&#x947;&#x936;&#x92E;&#x93E; &#x92D;&#x93E;&#x930;&#x924;&#x940; &#x924;&#x925;&#x93E; &#x92E;&#x927;&#x941; &#x921;&#x94B;&#x917;&#x930;&#x93E;</subfield>
  </datafield>
  <datafield tag="246" ind1=" " ind2=" ">
    <subfield code="a">Subhdra Kumari Chunhan</subfield>
    <subfield code="b">by Reshma Bharti&amp;Madhu Dogara</subfield>
  </datafield>
  <datafield tag="260" ind1=" " ind2=" ">
    <subfield code="a">&#x928;&#x908; &#x926;&#x93F;&#x932;&#x94D;&#x932;&#x940;</subfield>
    <subfield code="b">&#x92D;&#x93E;&#x930;&#x924; &#x921;&#x94B;&#x917;&#x930;&#x93E;</subfield>
    <subfield code="c">2006</subfield>
  </datafield>
  <datafield tag="270" ind1=" " ind2=" ">
    <subfield code="a">&#x938;&#x94B;&#x936;&#x932; &#x91A;&#x947;&#x902;&#x91C; &#x92A;&#x947;&#x92A;&#x930;&#x94D;&#x938;,&#x938;&#x940;-27, &#x930;&#x915;&#x94D;&#x937;&#x93E; &#x915;&#x941;&#x902;&#x91C;, &#x92A;&#x936;&#x94D;&#x91A;&#x93F;&#x92E; &#x935;&#x93F;&#x939;&#x93E;&#x930;</subfield>
    <subfield code="b">&#x928;&#x908; &#x926;&#x93F;&#x932;&#x94D;&#x932;&#x940;</subfield>
    <subfield code="e">110063</subfield>
    <subfield code="k">25255303</subfield>
  </datafield>
  <datafield tag="300" ind1=" " ind2=" ">
    <subfield code="a">67&#x92A;&#x943;</subfield>
    <subfield code="c">20&#x938;&#x947;&#x92E;&#x940;(&#x905;&#x91C;&#x93F;&#x932;&#x94D;&#x926;)</subfield>
  </datafield>
  <datafield tag="700" ind1=" " ind2=" ">
    <subfield code="a">&#x921;&#x94B;&#x917;&#x930;&#x93E;, &#x92E;&#x927;&#x941;</subfield>
  </datafield>
  <datafield tag="942" ind1=" " ind2=" ">
    <subfield code="a">dpl</subfield>
    <subfield code="c">HN</subfield>
    <subfield code="k">821.092 / &#x930;&#x947;&#x936;&#x92E;&#x93E;</subfield>
    <subfield code="2">ddc</subfield>
    <subfield code="h">821.092</subfield>
    <subfield code="m">&#x930;&#x947;&#x936;&#x92E;&#x93E;</subfield>
  </datafield>
  <datafield tag="999" ind1=" " ind2=" ">
    <subfield code="c">6051</subfield>
    <subfield code="d">6051</subfield>
  </datafield>
  <datafield tag="952" ind1=" " ind2=" ">
    <subfield code="0">0</subfield>
    <subfield code="1">0</subfield>
    <subfield code="4">0</subfield>
    <subfield code="7">0</subfield>
    <subfield code="a">DBAD</subfield>
    <subfield code="b">DBAD</subfield>
    <subfield code="d">2008-09-11</subfield>
    <subfield code="g">50.00</subfield>
    <subfield code="l">0</subfield>
    <subfield code="o">821.092 &#x930;&#x947;&#x936;&#x92E;&#x93E;</subfield>
    <subfield code="p">HIN-52872</subfield>
    <subfield code="r">2008-09-15 00:00:00</subfield>
    <subfield code="t">1</subfield>
    <subfield code="u">6487</subfield>
    <subfield code="v">50.00</subfield>
    <subfield code="w">2008-09-15</subfield>
    <subfield code="y">HN</subfield>
  </datafield>
</record>
